000 01833cam a22004097a 4500
003 CHAP
005 20220906114947.0
008 971013s1983 r 00010 d
010 _a18422
011 _a19394
020 _a9686600019
035 _a23479
040 _cCHAP
082 _a634.75
_bJ8 1983
100 0 0 _aJuscafresa Serrat, Baudilio.
_962535
245 0 _aCómo cultivar fresas, fresones y tomates
_c/por Baudilio Juscafresa
250 _a3 ed.
260 _aBarcelona :
_bAedos,
_c1983.
590 _aBATCH-UPD
_b10
_c20130110
_lUCH01
_h1254
590 _aCONVERSION
_b10
_c20130109
_lUCH01
_h1311
650 1 7 _aFresas
_2
_943185
650 1 4 _aFresa
_xVariedades.
_943235
650 1 4 _aTomate.
_9113672
901 _aBK
942 _cLIBRO
949 _a634.75 J8 1983
_bBC
_cLIBRO
_d-64820
_eLIBRO
_fc.8
_h74614
_i23479
_mD
_si
949 _a634.75 J8 1983
_bBC
_cLIBRO
_d33724000206231
_eLIBRO
_fc.2
_gI.144515
_h74608
_i23479
_mD
_si
949 _a634.75 J8 1983
_bBC
_cLIBRO
_d33724000206249
_eLIBRO
_fc.7
_gI.144520
_h74613
_i23479
_mD
_si
949 _a634.75 J8 1983
_bBC
_cLIBRO
_d33724000206256
_eLIBRO
_fc.10
_gI.144523
_h74616
_i23479
_mD
_sm
949 _a634.75 J8 1983
_bBC
_cLIBRO
_d33724000604864
_eLIBRO
_fc.3
_gI.144516
_h74609
_i23479
_mD
_si
949 _a634.75 J8 1983
_bBC
_cLIBRO
_d33724000606984
_eLIBRO
_fc.9
_gI.144522
_h74615
_i23479
_mD
_si
949 _a634.75 J8 1983
_bBC
_cLIBRO
_d33724000607818
_eLIBRO
_fc.6
_gI.144519
_h74612
_i23479
_mD
_si
949 _a634.75 J8 1983
_bBC
_cLIBRO
_d33724000655304
_eLIBRO
_fc.4
_gI.144517
_h74610
_i23479
_mD
_si
949 _a634.75 J8 1983
_bBC
_cLIBRO
_d33724000758397
_eLIBRO
_fc.5
_gI.144518
_h74611
_i23479
_mD
_si
949 _a634.75 J8 1983
_bBC
_cLIBRO
_d33724000766440
_eLIBRO
_gI.144514
_h74607
_i23479
_mD
_so
949 _a634.75 J8 1983
_bBC
_cLIBRO
_d33724000882734
_eLIBRO
_fc.11
_gDonaciØn
_h103703
_i23479
_si
999 _c18422
_d18422